Twenty years of economic reforms in India, 1991-2011 : (Record no. 74766)

MARC details
000 -LEADER
fixed length control field 00889nam a22002417a 4500
005 - DATE AND TIME OF LATEST TRANSACTION
control field 20130422115723.0
008 - FIXED-LENGTH DATA ELEMENTS--GENERAL INFORMATION
fixed length control field 130422b xxu||||| |||| 00| 0 eng d
010 ## - LCCN (DPL NO)
LC control number ENG-106950
020 ## - INTERNATIONAL STANDARD BOOK NUMBER
International Standard Book Number 9788177082821
Terms of availability 2385.00
035 ## - SYSTEM CONTROL NUMBER
System control number EN-90483
037 ## - SOURCE OF ACQUISITION
Source of stock number/acquisition DBAD/PUB
040 ## - CATALOGING SOURCE
Original cataloging agency DPL
Language of cataloging Eng
082 ## - DEWEY DECIMAL CLASSIFICATION NUMBER
Classification number 338.954
100 1# - MAIN ENTRY--PERSONAL NAME
Personal name Sury, M. M.
245 10 - TITLE STATEMENT
Title Twenty years of economic reforms in India, 1991-2011 :
Remainder of title sector-wise description and assessment /
Statement of responsibility, etc by M.M. Sury
246 3# - VARYING FORM OF TITLE
Title proper/short title 20 years of economic reforms in India, 1991-2011
260 ## - PUBLICATION, DISTRIBUTION, ETC. (IMPRINT)
Place of publication, distribution, etc New Delhi
Name of publisher, distributor, etc New Century Publications
Date of publication, distribution, etc 2011
270 ## - ADDRESS
Address 4800/24, Bharat Ram Road, Ansari Road, Darya Ganj
City New Delhi
Postal code 110002
300 ## - PHYSICAL DESCRIPTION
Extent liii, 720 p.
Dimensions 25cm(Hb)
500 ## - GENERAL NOTE
General note Includes bibliographical references (p. [699]-706) and index.
651 #0 - SUBJECT ADDED ENTRY--GEOGRAPHIC NAME
Geographic name India
General subdivision Economic policy
Chronological subdivision 1991-
942 ## - ADDED ENTRY ELEMENTS (KOHA)
Source of classification or shelving scheme Dewey Decimal Classification
Item type English Books
Classification part 338.954
Call number suffix SUR
Holdings
Withdrawn status Lost status Source of classification or shelving scheme Damaged status Not for loan Collection code Home library Current library Date acquired Source of acquisition Cost, normal purchase price Total Checkouts Full call number Barcode Date last seen Copy number Cost, replacement price Koha item type
    Dewey Decimal Classification   Not For Loan Non-fiction D.B.Act.Division D.B.Act.Division 22/04/2013 DBAD/PUB 2385.00   338.954 SUR EN-90483 22/04/2013 1 2385.00 English Books

© Delhi Public Library
Hit Counter
free hit counter